000 00618nam a2200277Ia 4500
001 Z_1566
003 CHAP
008 220113s1985 xx 000 0 und d
010 _a164654
040 _cCHAP
082 _a596.0142 M3
100 _aMartín, Constance R.
_971723
245 _aEndocrine physiology /
_cby Constance R. Martín
260 _aNew York :
_bOxford,
_c1985
300 _a1009 p
440 _a
500 _a
503 _a169254
650 _aEndocrinología I. t.
_9137999
901 _a596.0142 M3
902 _aA
910 _a1985
942 _c1
942 _cc1
999 _c164654
_d164654